| 000 | 00370nam a2200145Ia 4500 | ||
|---|---|---|---|
| 008 | 210716s2013 xx 000 0 und d | ||
| 020 | _a9789350043073 | ||
| 041 | _aeng | ||
| 082 | _a005.7402 KOGE | ||
| 245 |
_aSql server 2012: black book. _bBlack book. |
||
| 250 | _a1 | ||
| 260 |
_aNew Delhi _bDreamtech Press _c2013 |
||
| 300 | _axxxiv,1031 | ||
| 650 | _aOracle /SQL | ||
| 999 |
_c193868 _d193868 |
||